000 01181nam a2200277 a 4500
001 000023045
005 20200930021943.0
008 101125s1973 ve r 000 0 spa d
040 _aDO-SdBNP
_bspa
_cBNPHU
082 _aV861.6
_bB641ó
100 1 _aBlanco, Andrés Eloy,
_d1898-1955
_93991
245 1 0 _aObras completas /
_cAndrés Eloy Blanco.
260 _aCaracas :
_bEdiciones de Congreso de la República,
_c1973.
300 _av. ;
_c21 cm.
505 1 _gv. 2 - v.5
_tPeriodismo /
_rPrólogo de Pedro Sotillo.
_gv.3
_tDiscurso /
_rPrólogo de Manuel Alfredo Rodríguez.
_gv.4
_tHumorismo /
_rPrólogo de Luis Pastori.
_gv.5
_tEnsayos/
_rPrólogo de Juan Liscano y Domingo Miliani.
_gv.6
_tTeatro /
_rPrólogo de Dionisio López Orihuela.
650 4 _aPoesía venezolana
_94230
650 4 _aPoesía amorosa
_99227
650 4 _aLiteratura venezolana
_ySIGLO XX
_99777
700 1 _aSotillo, Pedro,
_epról.
_921288
700 1 _aRodríguez, Manuel Alfredo,
_epról.
_99016
700 1 _aPastori, Luis,
_epról.
_94507
700 1 _aLiscano, Juan,
_epról.
_99018
700 1 _aMiliani, Domingo,
_epról.
_95169
700 1 _aLópez Orihuela, Dionisio,
_epról.
_947419
049 _aBNGR
999 _c22542
_d22542